Field experiments for the control of Oidium leaf disease of Hevea (Record no. 59385)

MARC details
000 -LEADER
fixed length control field 00571nam a2200205Ia 4500
100 ## - MAIN ENTRY--AUTHOR NAME
Personal name Peries O S
245 #0 - TITLE STATEMENT
Title Field experiments for the control of Oidium leaf disease of Hevea
260 ## - PUBLICATION, DISTRIBUTION, ETC. (IMPRINT)
Name of publisher Rubber Research Institute of Ceylon Quarterly Journal
Year of publication 1963
300 ## - PHYSICAL DESCRIPTION
Number of Pages 73-80
650 ## - SUBJECT ADDED ENTRY--TOPICAL TERM
Topical Term Disease control
650 ## - SUBJECT ADDED ENTRY--TOPICAL TERM
Topical Term Hevea
650 ## - SUBJECT ADDED ENTRY--TOPICAL TERM
Topical Term Oidium leaf disease
650 ## - SUBJECT ADDED ENTRY--TOPICAL TERM
Topical Term Phytophthora
700 ## - ADDED ENTRY--PERSONAL NAME
Personal name Dayaratne W C
700 ## - ADDED ENTRY--PERSONAL NAME
Personal name Fernando T M
700 ## - ADDED ENTRY--PERSONAL NAME
Personal name Mendis E G
700 ## - ADDED ENTRY--PERSONAL NAME
Personal name Samaraweera S K
942 ## - ADDED ENTRY ELEMENTS (KOHA)
Koha item type Journals
Holdings
Withdrawn status Lost status Damaged status Not for loan Home library Current library Shelving location Date acquired Serial Enumeration / chronology Koha item type
      Journals RRII Library RRII Library Pathology 17/12/2021 Volume 39, Issue 04-Mar Journals